| 000 | 00599nas a2200217 4500 | ||
|---|---|---|---|
| 001 | BR9800363 | ||
| 003 | BR-BrBNA | ||
| 005 | 20231205100704.0 | ||
| 007 | ta | ||
| 008 | 230509b bl.|||p| |||| 00| 00por d | ||
| 040 |
_aBR-BrBNA _bpor _cBiblioteca Nacional de Agricultura |
||
| 041 | _a(Pt) | ||
| 072 | _aF01 | ||
| 100 | 1 | _aKiss, J. | |
| 245 | 1 | _aPlasticultura: solucao caseira | |
| 650 | _aPlasticultura | ||
| 650 | _aEstufa | ||
| 773 | 0 |
_tGlobo Rural (Brazil) _xISSN 0102-6178 _g(Dec 1997), v. 13(146) p. 23-25 _wBR9800363 |
|
| 909 |
_a202311 _bLúcia _c55 _dLúcia Elande |
||
| 942 |
_2AGRIS _n0 _cANA |
||
| 999 |
_c157479 _d157479 |
||